| 000 | 00728cam a22002534a 4500 | ||
|---|---|---|---|
| 003 | UPN | ||
| 005 | 20220912231059.0 | ||
| 008 | 090213s2005 mx r 000 f spa d | ||
| 020 | _a9707320958 | ||
| 035 | _aUPN01000169252 | ||
| 040 |
_aUPN _bspa _cUPN |
||
| 049 | _aCG | ||
| 050 | 4 |
_aPQ7389 C32 _bA36 2005a |
|
| 100 | 1 |
_aCarpentier, Alejo, _d1904-1980 _930823 |
|
| 245 | 1 | 3 |
_aEl acoso / _cAlejo Carpentier ; prólogo julio Travieso Serrano. |
| 250 | _aPrimera edición | ||
| 260 |
_aMéxico : _bLectorum, _c2005. |
||
| 300 | _a119 páginas | ||
| 490 | 0 | _aBiblioteca juvenil | |
| 650 | 4 |
_aNovela cubana _912799 |
|
| 700 | 1 |
_aTravieso Serrano, Julio, _d1940- _eprologuista _946287 |
|
| 905 | _aLibro | ||
| 942 |
_2lcc _cLIBRO |
||
| 999 |
_c141358 _d141358 |
||